| 000 | 01394cam a2200325 a 4500 | ||
|---|---|---|---|
| 001 | completeguidetow00grof | ||
| 003 | CaSfIA | ||
| 005 | 20210117225207.0 | ||
| 007 | cr|||| | ||
| 008 | 890816s1989 ncua 000 0 eng | ||
| 010 | _a 89175682 | ||
| 040 |
_aDLC _cDLC _dBTCTA _dYDXCP _dCaSfIA |
||
| 019 | _a232715946 | ||
| 020 | _a0962222402 | ||
| 020 | _a9780962222405 | ||
| 035 |
_a(OCoLC)20438295 _z(OCoLC)232715946 |
||
| 050 | 0 | 0 |
_aTH8441 _b.G76 1989 |
| 082 | 0 | 0 |
_a698/.6 _220 |
| 100 | 1 | _aGroff, David M. | |
| 245 | 1 | 4 |
_aThe complete guide to wallpapering / _h[electronic resource] _cby David M. Groff ; illustrated by Cynthia S. Groff. |
| 260 |
_aKinston, NC : _bWallpapering Instructional Resources, _cc1989. |
||
| 300 |
_a136 p. : _bill. ; _c28 cm. |
||
| 650 | 0 | _aPaperhanging. | |
| 856 | 4 | 1 |
_uhttp://www.archive.org/details/completeguidetow00grof _zFree eBook from the Internet Archive |
| 856 | 4 | 2 |
_uhttp://www.openlibrary.org/books/OL1782372M _zAdditional information and access via Open Library |
| 029 | 1 |
_aAU@ _b000006786709 |
|
| 942 | _cEB | ||
| 506 | _fНеобхідна авторизація на https://archive.org/ (створення облікового запису безкоштовно) | ||
| 506 | _fНеобхідна авторизація на https://openlibrary.org/ (створення облікового запису безкоштовно) | ||
| 999 |
_c483107 _d483107 |
||